Statistics for Biggest carnival cities

Click here to take the quiz!

General Stats

  • This quiz has been taken 51 times
  • The average score is 10 of 36

Answer Stats

CountryCity% Correct
BrazilRio de Janeiro
94%
AustraliaSydney
83%
ItalyVenice
69%
United KingdomLondon
67%
PanamaPanama City
60%
JamaicaKingston
56%
UruguayMontevideo
56%
USANew Orleans
54%
RussiaMoscow
52%
BrazilSalvador
52%
Dominican RepublicSanto Domingo
48%
FranceNice
44%
GermanyCologne
38%
Trinidad & TobagoPort of Spain
35%
CanadaQuebec City
31%
SwitzerlandBasel
25%
SpainSanta Cruz
25%
ColombiaBarranquilla
23%
SpainLas Palmas
19%
BrazilOlinda
15%
IndiaGoa
10%
SwitzerlandLuzern
8%
ItalyViareggio
6%
BelgiumBinche
4%
FranceSaint Pierre
4%
SpainCadiz
2%
NetherlandsMaastricht
2%
BoliviaOruro
2%
CroatiaRijeka
2%
SpainAviles
0%
ItalyIvrea
0%
MexicoMazatlan
0%
MaltaNadur
0%
SloveniaPtuj
0%
SpainSitges
0%
SpainTorello
0%

Score Distribution

Percentile by Number Answered

Percent of People with Each Score

Your Score History

You have not taken this quiz